书目信息 |
| 题名: |
大学教师的技巧
|
|
| 作者: | 布鲁克菲尔德 著 ;周心红 , 洪宁 译 | |
| 分册: | ||
| 出版信息: | 杭州 浙江大学出版社 2005 |
|
| 页数: | 14,164页 | |
| 开本: | 23cm | |
| 丛书名: | 国外大学教学与教改译丛 | |
| 单 册: | ||
| 中图分类: | G642.421 | |
| 科图分类: | ||
| 主题词: | 高等学校 , 课堂教学 , 高等学校--课堂教学--教学研究 , 教学研究 | |
| 电子资源: | ||
| ISBN: | 7-308-04580-3 | |
| 000 | 01299oam2 2200337 450 | |
| 001 | 010060014582 | |
| 005 | 20061115155245.40 | |
| 010 | @a7-308-04580-3@dCNY16.00 | |
| 100 | @a20060222d2005 em y0chiy0110 ea | |
| 101 | 1 | @achi |
| 102 | @aCN@b330000 | |
| 105 | @ay z 001yy | |
| 200 | 1 | @a大学教师的技巧@9da xue jiao shi de ji qiao@e论课堂教学中的方法、信任和回应@f斯蒂芬·D·布鲁克菲尔德著@g周心红,洪宁译 |
| 210 | @a杭州@c浙江大学出版社@d2005 | |
| 215 | @a14,164页@d23cm | |
| 225 | 2 | @a国外大学教学与教改译丛 |
| 320 | @a有索引 | |
| 330 | @a本书从成人学习和成人教育的角度入手,对大学教师在教学过程中遇到的种种问题、争论及困惑作了较为中肯的分析并相应提出了解决建议。 | |
| 461 | 0 | @12001 @a国外大学教学与教改译丛@1701 0@a徐辉主编 |
| 510 | 1 | @aThe Skillful Teacher@eOn Technique, Trust, and Responsiveness in the Classroom@zeng |
| 517 | 1 | @a论课堂教学中的方法、信任和回应@9lun ke tang jiao xue zhong de fang fa、 xin ren he hui ying |
| 606 | 0 | @a高等学校 |
| 606 | 0 | @a课堂教学 |
| 606 | 0 | @a高等学校@x课堂教学@x教学研究 |
| 606 | 0 | @a教学研究 |
| 690 | @aG642.421@v4 | |
| 701 | 1 | @a布鲁克菲尔德@9bu lu ke fei er de@b斯蒂芬·D.@4著 |
| 702 | 0 | @a周心红@9zhou xin hong@4译 |
| 702 | 0 | @a洪宁@9hong ning@4译 |
| 801 | 0 | @aCN@bRENTIAN@c20061115 |
| 905 | @a10447@dG642.421@e250 | |
| 大学教师的技巧:论课堂教学中的方法、信任和回应/斯蒂芬·D·布鲁克菲尔德著/周心红,洪宁译.-杭州:浙江大学出版社,2005 |
| 14,164页;23cm.-(国外大学教学与教改译丛) |
| ISBN 7-308-04580-3:CNY16.00 |
| 本书从成人学习和成人教育的角度入手,对大学教师在教学过程中遇到的种种问题、争论及困惑作了较为中肯的分析并相应提出了解决建议。 |
| ● |
| 相关链接 |
|
|
|
|
正题名:大学教师的技巧
索取号:G642.421/250
 
预约/预借
| 序号 | 登录号 | 条形码 | 馆藏地/架位号 | 状态 | 备注 |
| 1 | 0391529 | 203915291 | 第一样本阅览室/ [索取号:G642.421/250] | 在馆 | |
| 2 | 0391530 | 203915308 | 第四借阅区/ [索取号:G642.421/250] | 在馆 |